000 00303nam a2200133 i 4500
001 bg
100 1 _aLA METTRIE, J. O.
245 0 _aCzłowiek-maszyna /
_cJ.O. La Mettrie.
260 _aWarszawa,
_c1984.
040 _cBPK
041 _apol
942 _cKS
008 s pl f |000 0 pol
999 _c22675
_d22675
856 _uhttp://koha.tu.koszalin.pl/cgi-bin/koha/opac-detail.pl?biblionumber=22675
_yKatalog online BPK